Analýza vybranej reklamnej kampane Tatra banky, a.s. diplomová práca

Salvato in:
Dettagli Bibliografici
Autore principale: Galbavý, Jozef
Ente Autore: Fakulta podnikového manažmentu EU. Katedra manažmentu
Altri autori: Šinský, Peter
Natura: Libro
Lingua:slovacco
Pubblicazione: Bratislava 2009
Tags: Aggiungi Tag
Nessun Tag, puoi essere il primo ad aggiungerne!!

MARC

LEADER 00000nam$a2200000$$$4500
001 0101739
005 20240320074857.1
041 0 |a slo 
044 |a SK 
245 1 0 |a Analýza vybranej reklamnej kampane Tatra banky, a.s.  |b diplomová práca  |c Jozef Galbavý ; škol. Peter Šinský 
264 1 |a Bratislava  |c 2009 
300 |a 55 s. 
100 1 |a Galbavý, Jozef 
700 1 |a Šinský, Peter 
710 2 |a Fakulta podnikového manažmentu EU. Katedra manažmentu